000 00386nam a2200133Ia 4500
005 20260326100039.0
008 260326s9999||||xx |||||||||||||| ||und||
100 _aTejeira Davis, Eduardo
245 0 _aGuía de Arquitectura y Paisaje de Panamá /
_cEduardo Tejeira Davis
260 _bInstituto Panameño de Turismo
300 _a444 p.
650 _aARQUITECTURA REGIONAL
942 _cBK
999 _c6939
_d6939